| 000 | 00573nam a22001457a 4500 | ||
|---|---|---|---|
| 020 | _a9780521128377 | ||
| 050 |
_aQC981 _b.C65 1993 |
||
| 100 | _aTrenberth, E. Kevin, | ||
| 245 |
_aClimate system modeling/ _cKevin E. Trenberth. |
||
| 260 |
_aCambridge [Cambridgeshire] ; New York : _bCambridge University Press, _c1993. |
||
| 300 | _axxix, 788p.: | ||
| 500 | _aincludes table of contents, references and index. | ||
| 650 | _v1. Climatology--Mathematical models 2. Atmospheric physics--Mathematical models 3. Ocean-atmosphere interaction--Mathematical models. | ||
| 942 | _cGEN | ||
| 999 |
_c2050 _d2050 |
||